Die Weimarer Republik / (Record no. 1428869)

MARC details
000 -LEADER
fixed length control field 02876cam a2200421 i 4500
001 - CONTROL NUMBER
control field 22543156
005 - DATE AND TIME OF LATEST TRANSACTION
control field 20250520115655.0
008 - FIXED-LENGTH DATA ELEMENTS--GENERAL INFORMATION
fixed length control field 220511s2022 gw b b 001 0 ger
010 ## - LIBRARY OF CONGRESS CONTROL NUMBER
LC control number 2022938368
020 ## - INTERNATIONAL STANDARD BOOK NUMBER
International Standard Book Number 9783110795103
037 ## - SOURCE OF ACQUISITION
Terms of availability TB
040 ## - CATALOGING SOURCE
Original cataloging agency BL
Language of cataloging eng
Description conventions rda
Transcribing agency BL
041 ## - LANGUAGE CODE
Source of code eng
Language code of text/sound track or separate title eng
042 ## - AUTHENTICATION CODE
Authentication code pcc
043 ## - GEOGRAPHIC AREA CODE
Geographic area code e-gx---
050 00 - LIBRARY OF CONGRESS CALL NUMBER
Classification number DD237
Item number .K67 2022
084 ## - COLON CLASSIFICATION NUMBER
Classification number V55:1.N5 113R2
Assigning agency CRL
100 1# - MAIN ENTRY--PERSONAL NAME
Personal name Kolb, Eberhard,
Dates associated with a name 1933-
Relator term author.
9 (RLIN) 809039
245 14 - TITLE STATEMENT
Title Die Weimarer Republik /
250 ## - EDITION STATEMENT
Edition statement 9., durchgesehene und erweiterte Auflage.
264 #1 - PRODUCTION, PUBLICATION, DISTRIBUTION, MANUFACTURE, AND COPYRIGHT NOTICE
Place of production, publication, distribution, manufacture Berlin :
Name of producer, publisher, distributor, manufacturer De Gruyter Oldenbourg,
Date of production, publication, distribution, manufacture, or copyright notice [2022]
300 ## - PHYSICAL DESCRIPTION
Extent viii, 399p. :
Other physical details map ;
Dimensions 23 cm.
336 ## - CONTENT TYPE
Content type term text
Content type code txt
Source rdacontent
337 ## - MEDIA TYPE
Media type term unmediated
Media type code n
Source rdamedia
338 ## - CARRIER TYPE
Carrier type term volume
Carrier type code nc
Source rdacarrier
365 ## - TRADE PRICE
Price amount 1185.80
Currency code INR
490 0# - SERIES STATEMENT
Series statement Oldenbourg Grundriss der Geschichte,
International Standard Serial Number 2190-2976 ;
Volume/sequential designation Band 16
504 ## - BIBLIOGRAPHY, ETC. NOTE
Bibliography, etc. note Includes bibliographical references (page 295-368) and index.
520 ## - SUMMARY, ETC.
Summary, etc. "Die Weimarer Republik von Eberhard Kolb ist seit vielen Jahren als Standardwerk für Studium und Forschung anerkannt und als Arbeitsbuch unentbehrlich geworden. Das Werk stellt die drei Phasen der Geschichte der Republik im Überblick dar, führt detailliert ein in die Forschungsdebatten zur Innen- und Aussenpolitik und zur Entwicklung von Gesellschaft und Wirtschaft und enthält eine ausführliche Bibliographie zu diesen Themenkomplexen. Für die 2013 erschienene 8. Auflage wurde der Forschungsteil überarbeitet und von Dirk Schumann um ein Kapitel zur Kultur ergänzt. In der durchgesehenen und erweiterten 9. Auflage behandelt Dirk Schumann in einem eigenen Forschungsbericht zentrale seit der letzten Auflage publizierte Werke zu den verschiedenen thematischen Feldern und bietet so einen Einblick in die aktuellen Forschungsdebatten."--
Assigning source Publisher's website.
520 ## - SUMMARY, ETC.
Summary, etc. "Eberhard Kolb's standard work presents three phases of the history of the Weimar Republic and provides a detailed introduction to the research debates on domestic and foreign policy and the development of society and the economy. The 9th edition inlcudes the text published together with Dirk Schumann in 2013, complemented by a chapter on culture, now expanded by a supplementary report on the research literature published since the last edition."--
Assigning source Publisher's website.
650 ## - SUBJECT ADDED ENTRY--TOPICAL TERM
Source of heading or term German - History
651 #0 - SUBJECT ADDED ENTRY--GEOGRAPHIC NAME
Geographic name Germany
General subdivision History
Chronological subdivision 1918-1933.
9 (RLIN) 809040
700 1# - ADDED ENTRY--PERSONAL NAME
Personal name Schumann, Dirk,
Relator term author.
9 (RLIN) 809041
906 ## - LOCAL DATA ELEMENT F, LDF (RLIN)
a 7
b cbc
c orignew
d 3
e epcn
f 20
g y-gencatlg
942 ## - ADDED ENTRY ELEMENTS (KOHA)
Source of classification or shelving scheme Colon Classification (CC)
Koha item type Textbook
Classification part V55:1.N5 113R2
Suppress in OPAC No
Holdings
Withdrawn status Lost status Source of classification or shelving scheme Damaged status Not for loan Home library Current library Date acquired Source of acquisition Cost, normal purchase price Inventory number Total Checkouts Full call number Barcode Date last seen Price effective from Koha item type
    Colon Classification (CC)     Braille Library Braille Library 2025-05-20 Classic Book Service 1185.96 285 & 2025-02-28   V55:1.N5 113R2 BL0001235 2025-05-20 2025-05-20 Textbook
Copyright @ Delhi University Library System